Memorias de un federalista

Guardado en:
Detalles Bibliográficos
Autor principal: Madariaga, Salvador de (autor)
Formato: Libro
Lenguaje:español
Publicado: Buenos Aires Sudamericana 1967
Materias:
Etiquetas: Agregar Etiqueta
Sin Etiquetas, Sea el primero en etiquetar este registro!

MARC

LEADER 00000nam a2200000 a 4500
001 UCZ5037
003 CL-VaPUC
008 951116e19670000AG |||||||||||||||||spa|d
082 0 4 |a 864  |b MAD  |2 21 
100 |a Madariaga, Salvador de  |e autor  |9 579873 
245 1 0 |a Memorias de un federalista 
300 |a 387 p 
942 |c BK 
945 |d 19951116 00:00:00  |a rleighto 
260 |a Buenos Aires  |b Sudamericana  |c 1967 
650 0 |a Novelas españolas  |9 265052 
583 |a last modification  |c 19951116 00:00:00  |k Rodrigo Vera 
999 |c 241366  |d 241364 
952 |0 0  |1 0  |4 0  |6 864_000000000000000_MAD_1967  |7 0  |8 A  |9 253666  |a BIBEDU  |b BIBEDU  |d 2019-11-19  |i 3149722  |o 864 MAD 1967  |p 3149722  |r 2019-11-19  |w 2019-11-19  |y BK  |k LIT